000 00764nam a2200229Ia 4500
003 GCL
008 140319s9999 xx 000 0 ara d
040 _aGCL /
_cGCL
082 0 4 _a320.956
_bم ا
100 1 _aمحمد المصرى
245 1 0 _aاسرائيل الذرية تكشر عن انيابها /
_cمحمد المصرى
260 _a[S.N] :
_bمنشورات الكتاب والتوزيع والاعلان ،
_c1982
490 _a
650 0 4 _aالعالم العربى
650 0 4 _aالنزاع العربى الاسرائيلى
650 0 4 _aالعراق
650 0 4 _aاسرائيل
650 0 4 _aالاسلحة الذرية
650 0 4 _aالمفاعلات الذرية
650 0 4 _aالعمليات الجوية .
942 _2ddc
_cBK
999 _c35747
_d35747